[Event "Tourn. n9535"]
[Site "www.chess-mail.com"]
[Date "2017.12.10"]
[Round "1"]
[White "Rons"]
[Black "Marbachess"]
[WhiteElo "2600"]
[BlackElo "2530"]
[Result "1-0"]
[Round "1"]
1.e4 e6
2.d4 d5
3.Nb1c3 Nb8c6
4.Ng1f3 Bc8d7
5.exd5 exd5
6.Nc3xd5 Bd7g4
7.Bf1c4 Bf8d6
8.O-O Ng8e7
9.h3 Bg4f5
10.Nd5e3 Bf5g6
11.c3 Bg6h5
12.b4 O-O
13.Bc1d2 a6
14.a4 Qd8d7
15.Bc4a2 Kh8
16.Nf3e5 Nc6xe5
17.Qd1xh5 Ne5g6
18.Ne3c4 Ra8d8
19.Nc4xd6 cxd6
20.Ba2b3 Ne7g8
21.Rf1e1 Ng8f6
22.Qh5f3 Ng6h4
23.Qf3d3 h6
24.a5 d5
25.Bb3c2 Nh4g6
26.Qd3g3 Rd8e8
27.Re1xe8 Nf6xe8
28.Ra1e1 Ne8f6
29.Re1e2 Rf8e8
30.Re2xe8 Qd7xe8
31.Bd2e3 Kg8
32.Qg3c7 Qe8d7
33.Qc7xd7 Nf6xd7
34.Bc2f5 Ng6f8
35.Kf1 Nf8e6
36.Be3f4 Kf8
37.Bf4e5 Nd7xe5
38.Bf5xe6 fxe6
39.dxe5 g6
40.g4 Kf7
41.h4 Kg7
42.h5 g5
43.f4 gxf4
44.Kf2 Kf8
45.Kf3 Ke7
46.Kxf4 Kf7
47.g5 Kg7
48.g6 { resign }
1-0

[Event "Tourn. n9625"]
[Site "www.chess-mail.com"]
[Date "2017.12.10"]
[Round "1"]
[White "Norlavuaram"]
[Black "Joaodelisboa"]
[WhiteElo "2120"]
[BlackElo "2140"]
[Result "0-1"]
[Round "1"]
1.e4 e5
2.Ng1f3 Nb8c6
3.Bf1b5 a6
4.Bb5a4 b5
5.Ba4b3 Nc6a5
6.c3 d6
7.Bb3c2 Ng8f6
8.h3 c5
9.O-O Bf8e7
10.Rf1e1 O-O
 { time }
0-1

[Event "Tourn. n9520"]
[Site "www.chess-mail.com"]
[Date "2017.12.10"]
[Round "1"]
[White "Andychesston"]
[Black "Norlavuaram"]
[WhiteElo "2050"]
[BlackElo "2070"]
[Result "1-0"]
[Round "1"]
1.e4 e5
2.Ng1f3 Nb8c6
3.d4 exd4
4.Nf3xd4 Bf8c5
5.Bc1e3 Qd8f6
6.Nd4xc6 Bc5xe3
7.Qd1f3 Be3xf2
8.Kxf2 dxc6
9.Qf3xf6 Ng8xf6
10.Nb1c3 O-O
11.Bf1d3 Rf8e8
12.Rh1e1 Nf6g4
13.Kg3 Ng4e5
14.Bd3e2 Bc8e6
15.Be2d3 f6
16.Nc3e2 Ra8d8
17.Ne2f4 Be6f7
18.b3 g5
19.Nf4h3 Ne5xd3
20.cxd3 Rd8xd3
21.Kf2 Bf7e6
22.Nh3g1 Kg7
23.Re1d1 Re8d8
24.Rd1e1 Rd3d2
25.Re1e2 h6
26.Ke3 Rd8d3
27.Kf2 Be6g4
28.Re2xd2 Rd3xd2
29.Kg3 Bg4e6
30.Ng1f3 Rd2d3
31.Kf2 g4
32.Ke2 Rd3c3
33.Nf3d4 Be6c8
34.Kd2 Rc3c5
35.Ra1f1 Rc5a5
36.a4 Ra5e5
37.Ke3 c5
38.Nd4f5 Bc8xf5
39.Rf1xf5 Re5xf5
40.exf5 h5
41.Kf4 c6
42.h4 b6
43.Ke4 Kf7
44.Kd3 Ke7
45.Kc4  { time }
1-0

[Event "Tourn. n9646"]
[Site "www.chess-mail.com"]
[Date "2017.12.10"]
[Round "1"]
[White "Joaodelisboa"]
[Black "Francesco"]
[WhiteElo "2170"]
[BlackElo "2160"]
[Result "0-1"]
[Round "1"]
1.e4 c6
2.d4 d5
3.Nb1c3 dxe4
4.Nc3xe4 Bc8f5
5.Ne4g3 Bf5g6
6.Ng1f3 e6
7.Bf1e2 Ng8f6
8.O-O Bf8d6
9.Bc1g5 O-O
10.Be2d3 Bg6xd3
11.Qd1xd3 Nb8d7
12.Ng3e4 Bd6e7
13.c3 Nf6d5
14.Bg5xe7 Qd8xe7
15.g3 Ra8c8
16.a3 c5
17.dxc5 Nd7xc5
18.Ne4xc5 Qe7xc5
19.Nf3g5 Nd5f6
20.Ra1d1 Qc5xg5
{ resign }
0-1

[Event "Tourn. n9530"]
[Site "www.chess-mail.com"]
[Date "2017.12.10"]
[Round "1"]
[White "Azulmarino"]
[Black "Pachi"]
[WhiteElo "1520"]
[BlackElo "1620"]
[Result "1-0"]
[Round "1"]
1.e4 e5
2.Ng1f3 d6
3.Bf1c4 h6
4.d3 f6
5.Bc1e3 c6
6.Nb1c3 Bc8g4
7.h3 Bg4xf3
8.Qd1xf3 Ng8e7
9.O-O-O Qd8a5
10.Be3d2 Nb8a6
11.a3 c5
12.Nc3d5 Qa5a4
13.Nd5c3 Qa4a5
14.Nc3d5 Qa5d8
15.Bc4b5 Kf7
16.Qf3h5 g6
17.Qh5f3 Ne7xd5
18.exd5 Qd8b6
19.c4 Na6c7
20.Bb5d7 Ra8d8
21.Bd7g4 f5
22.Bg4xf5 gxf5
23.Qf3xf5 Ke7
24.Bd2c3 Bf8g7
25.Rd1e1 Rh8f8
26.Qf5g6 Rf8f7
27.Re1e4 Qb6b3
28.Bc3a5 b6
29.Ba5c3 b5
30.Bc3a5 Rd8c8
31.Ba5c3 Qb3a2
32.Rh1e1 Rc8b8
33.Bc3xe5 dxe5
34.d6 Kf8
35.Re1e3 Qa2a1
36.Kc2 Rf7xf2
37.Re3e2 Rf2xe2
38.Re4xe2 Nc7e8
39.Re2f2 Kg8
40.Qg6f7 Kh8
41.d7 Ne8d6
42.Qf7e7 bxc4
43.d8Q Rb8xd8
44.Qe7xd8 Kh7
45.Qd8xd6 e4
46.Qd6b8 cxd3
47.Kd2 e3
48.Kxe3 Bg7d4
49.Kf3 Qa1d1
50.Kg3 Bd4xf2
51.Kxf2 Qd1e2
52.Kg3 d2
53.Qb8xa7 Kg6
54.Qa7a6 Kf5
55.Qa6xe2 { resign }
1-0

[Event "Tourn. n9519"]
[Site "www.chess-mail.com"]
[Date "2017.12.10"]
[Round "1"]
[White "Tartan"]
[Black "Bronstein70"]
[WhiteElo "2440"]
[BlackElo "2420"]
[Result "1/2-1/2"]
[Round "1"]
1.e4 e5
2.Ng1f3 Ng8f6
3.Nf3xe5 d6
4.Ne5f3 Nf6xe4
5.d4 d5
6.Bf1d3 Bf8e7
7.O-O O-O
8.c4 Bc8e6
9.cxd5 Be6xd5
10.Nb1c3 Ne4xc3
11.bxc3 Nb8c6
12.Ra1b1 Ra8b8
13.Rf1e1 Rf8e8
14.Qd1c2 g6
15.Bd3e4 Qd8d7
16.Be4xd5 Qd7xd5
17.Bc1e3 b5
18.a4 a6
19.axb5 axb5
20.Qc2d3 Be7d6
21.Be3g5 Re8xe1
22.Rb1xe1 f5
23.h4 Nc6a5
24.h5 Na5c4
25.Qd3e2 Rb8a8
26.Nf3h4 Qd5f7
27.Nh4f3 Qf7d5
28.Nf3h4 { draw }
1/2-1/2

[Event "Tourn. n9546"]
[Site "www.chess-mail.com"]
[Date "2017.12.10"]
[Round "1"]
[White "Falcoale"]
[Black "Fabos12"]
[WhiteElo "1990"]
[BlackElo "1980"]
[Result "0-1"]
[Round "1"]
1.e4 e5
2.Ng1f3 Nb8c6
3.Bf1c4 h6
4.O-O Bf8c5
5.c3 a6
6.b4 Bc5a7
7.d4 exd4
8.Nf3xd4 Nc6xd4
9.cxd4 Ng8e7
10.Qd1g4 d5
11.Qg4xg7 Rh8g8
12.Qg7xh6 dxc4
13.Qh6h7 Qd8xd4
14.Bc1g5 Bc8e6
15.Bg5xe7 Kxe7
16.Nb1a3 Rg8g7
17.Qh7h4 f6
18.Ra1e1 Ra8g8
19.g3 Rg7g4
20.Qh4h6 Rg4xg3
21.hxg3 Rg8xg3
22.Kh2 Rg3xa3
23.Qh6h7 Be6f7
24.Re1d1 Qd4e5
25.f4 Ra3xa2
26.Kh1 Qe5h5
27.Qh7xh5 Bf7xh5
28.Rd1d5 Bh5g4
29.f5 Bg4h3
30.e5 Bh3xf1
31.exf6 Kxf6
{ resign }
0-1

[Event "Tourn. n9599"]
[Site "www.chess-mail.com"]
[Date "2017.12.10"]
[Round "1"]
[White "Norlavuaram"]
[Black "Apdash"]
[WhiteElo "2140"]
[BlackElo "2280"]
[Result "0-1"]
[Round "1"]
1.e4 c5
2.Ng1f3 Nb8c6
3.d4 Nc6xd4
4.Nf3xd4 cxd4
5.Qd1xd4 a6
6.c4 d6
7.Nb1c3 Ng8f6
8.Bf1e2 g6
9.f3 Bf8g7
10.Qd4d3 O-O
11.Bc1e3 Bc8d7
12.Nc3d5 Nf6xd5
13.cxd5 Bg7xb2
14.Ra1b1 Bd7b5
15.Qd3d2 Bb2g7
16.Be2xb5 axb5
17.Rb1xb5 Ra8a3
18.O-O Qd8a8
19.Be3f2 Ra3xa2
20.Qd2b4 Rf8b8
21.Rf1b1 Ra2a1
22.Bf2b6 Ra1a4
 { time }
0-1

[Event "Tourn. n9587"]
[Site "www.chess-mail.com"]
[Date "2017.12.10"]
[Round "1"]
[White "Orhany24"]
[Black "Norlavuaram"]
[WhiteElo "2120"]
[BlackElo "2160"]
[Result "1-0"]
[Round "1"]
1.e4 e5
2.Ng1f3 Nb8c6
3.Bf1c4 Bf8e7
4.c3 Ng8f6
5.O-O O-O
6.Rf1e1 d6
7.h3 Nc6a5
8.Bc4b5 a6
9.Bb5a4 b5
10.Ba4c2 c5
11.d4 Qd8c7
12.d5 Na5b7
13.b3 h6
14.c4 b4
15.Nb1d2 Nf6h7
16.Nd2f1 f5
17.exf5 Bc8xf5
18.Nf1g3 Bf5xc2
19.Qd1xc2 Rf8f7
20.Bc1e3 Ra8f8
21.Qc2e4 Nh7f6
22.Qe4d3 Nf6h7
23.Ng3h5 Nh7f6
24.Qd3g6  { time }
1-0

[Event "Tourn. n9567"]
[Site "www.chess-mail.com"]
[Date "2017.12.10"]
[Round "1"]
[White "Julian"]
[Black "Begory"]
[WhiteElo "1430"]
[BlackElo "1610"]
[Result "1-0"]
[Round "1"]
1.b3 d5
2.Bc1b2 Bc8f5
3.e3 Nb8c6
4.Ng1f3 Nc6b4
5.d3 Ng8f6
6.Bf1e2 e6
7.Nb1d2 Bf8e7
8.O-O O-O
9.a3 Nb4c6
10.Ra1c1 e5
11.Nf3xe5 Nc6xe5
12.Bb2xe5 Qd8d7
13.c4 dxc4
14.Rc1xc4 Bf5e6
15.Rc4f4 Nf6d5
16.Rf4f3 f6
17.Be5b2 f5
18.Nd2c4 Nd5f6
19.Nc4e5 Qd7d8
20.Qd1c2 Be7d6
21.e4 Bd6xe5
22.Bb2xe5 Nf6d7
23.Be5b2 fxe4
24.Rf3xf8 Qd8xf8
25.dxe4 Qf8f7
26.Be2c4 Be6xc4
27.bxc4 Nd7e5
28.Bb2xe5 Ra8d8
29.f4 Qf7e7
30.c5 c6
31.Be5d6 Qe7f7
32.e5 Qf7d5
33.Rf1f3 Qd5d4
34.Kf1 Qd4a1
35.Kf2 Qa1d4
36.Ke2 Qd4a4
37.Qc2xa4 { resign }
1-0

[Event "Tourn. n9589"]
[Site "www.chess-mail.com"]
[Date "2017.12.10"]
[Round "1"]
[White "Falcoale"]
[Black "Apdash"]
[WhiteElo "2020"]
[BlackElo "2260"]
[Result "0-1"]
[Round "1"]
1.e4 c5
2.Ng1f3 g6
3.Nb1c3 Nb8c6
4.Bf1c4 Bf8g7
5.O-O a6
6.a3 e6
7.d3 b5
8.Bc4a2 Ng8f6
9.Nc3e2 O-O
10.Bc1d2 Bc8b7
11.Qd1c1 Nf6g4
12.h3 Ng4e5
13.Nf3xe5 Nc6xe5
14.f4 Ne5c6
15.Ne2g3 d5
16.exd5 exd5
17.f5 Qd8h4
18.Ng3e2 Ra8e8
19.Bd2g5 Qh4a4
20.Ne2c3 Qa4d4
21.Kh1 gxf5
22.Ba2xd5 b4
23.axb4 cxb4
24.Bd5xc6 Bb7xc6
25.Nc3a2 Re8e2
26.Rf1g1 Rf8e8
27.Ra1b1 Qd4f2
28.Qc1f1 Qf2g3
29.Qf1f4 Qg3xh3
30.Qf4h2 Qh3g4
31.Bg5h4 Bg7e5
32.Na2xb4 Be5xh2
{ resign }
0-1

[Event "Tourn. n9591"]
[Site "www.chess-mail.com"]
[Date "2017.12.10"]
[Round "1"]
[White "Francesco"]
[Black "Chapi"]
[WhiteElo "2160"]
[BlackElo "2170"]
[Result "1-0"]
[Round "1"]
1.e4 c5
2.c3 Nb8c6
3.d4 g6
4.Ng1f3 Bf8g7
5.Bf1c4 Ng8f6
6.e5 Nf6g4
7.Nf3g5 Ng4xe5
8.dxe5 Nc6xe5
9.Bc4b3 O-O
10.O-O c4
11.Bb3c2 b5
12.Nb1d2 Bc8b7
13.f4 Ne5g4
14.Qd1xg4 h5
15.Qg4e2 d5
16.f5 e5
17.Ng5h3 d4
18.Bc2e4 d3
19.Qe2f3 Qd8b6
20.Kh1 Ra8b8
21.Be4xb7 Rb8xb7
22.Nd2e4 Qb6c6
23.Ne4g5 Qc6xf3
24.Rf1xf3 Rf8e8
25.fxg6 f6
26.Ng5e4 Rb7b6
27.Bc1e3 Rb6a6
28.a3 Re8d8
29.Be3d2 Rd8f8
30.Ra1f1 Ra6c6
31.Nh3f2 f5
32.Ne4g3 f4
33.Ng3e4 Rc6xg6
34.g3 Bg7h6
35.gxf4 Bh6xf4
36.Rf1g1 Rg6xg1
37.Kxg1 Bf4xh2
38.Kg2 Bh2f4
39.Bd2xf4 exf4
40.Nf2h3 Kg7
41.Rf3xf4 Rf8d8
42.Ne4d2 Rd8e8
43.Rf4e4 Re8xe4
44.Nd2xe4 Kg6
45.Nh3f4 Kf5
46.Kf3 h4
47.Ne4d6 Kg5
48.Nd6xb5 d2
49.Nf4h3 Kh5
50.Ke2 Kg4
51.Nh3f2 Kg3
52.Nb5xa7 h3
53.Nf2xh3 Kxh3
54.Kxd2 Kg4
55.Ke3 Kf5
56.Kd4 Ke6
57.Kxc4 Kd6
58.b4 Kc7
59.Kc5 Kb7
60.Na7c6 Ka6
61.a4 Kb7
62.b5 Ka8
63.a5 Kb7
64.a6 Ka8
65.Nc6a5 Ka7
66.Kc6 Kb8
67.c4 Ka7
68.c5 Ka8
69.Kd7 { resign }
1-0

[Event "Tourn. n9591"]
[Site "www.chess-mail.com"]
[Date "2017.12.10"]
[Round "1"]
[White "Francesco"]
[Black "Norlavuaram"]
[WhiteElo "2160"]
[BlackElo "2100"]
[Result "1-0"]
[Round "1"]
1.d4 Ng8f6
2.c4 c5
3.d5 e6
4.Nb1c3 exd5
5.cxd5 d6
6.e4 Bf8e7
7.Bf1b5 Nb8d7
8.Ng1f3 O-O
9.O-O a6
10.Bb5a4 b5
11.Ba4c2 h6
12.Rf1e1 Qd8c7
13.Bc1f4 Nf6h5
14.Bf4d2 Nh5f6
15.a3 Rf8e8
16.Qd1c1 Be7f8
17.Bd2f4 Nf6h5
18.Bf4d2 Nd7e5
19.Nc3e2  { time }
1-0

[Event "Tourn. n9620"]
[Site "www.chess-mail.com"]
[Date "2017.12.10"]
[Round "1"]
[White "Sachpat"]
[Black "Gidi5"]
[WhiteElo "2780"]
[BlackElo "2310"]
[Result "1-0"]
[Round "1"]
1.e4 e6
2.d4 d5
3.exd5 exd5
4.Ng1f3 Ng8f6
5.Bf1d3 Bf8e7
6.O-O O-O
7.c3 b6
8.Rf1e1 c5
9.Bc1f4 Be7d6
10.Nf3e5 cxd4
11.cxd4 Qd8c7
12.Nb1c3 a6
13.Bf4g5 Nb8d7
14.Ne5xd7 Bd6xh2
15.Kh1 Nf6e4
16.Bd3xe4 Bc8xd7
17.Nc3xd5 Qc7a7
18.Be4xh7 Kxh7
19.Qd1h5 Kg8
20.Nd5e7 { resign }
1-0

[Event "Tourn. n9555"]
[Site "www.chess-mail.com"]
[Date "2017.12.10"]
[Round "1"]
[White "Bigrezi"]
[Black "Norlavuaram"]
[WhiteElo "2190"]
[BlackElo "2130"]
[Result "1-0"]
[Round "1"]
1.e4 e5
2.Ng1f3 Nb8c6
3.Bf1b5 a6
4.Bb5a4 Ng8f6
5.Nb1c3 b5
6.Ba4b3 Bf8e7
7.d3 O-O
8.O-O d6
9.a4 b4
10.Nc3d5 Bc8g4
11.Bc1e3 a5
12.h3 Bg4h5
13.c3 Ra8b8
14.Nd5xf6 Be7xf6
15.g4 Bh5g6
16.g5 Bf6e7
17.Bb3d5 Qd8d7
18.Nf3h4 bxc3
19.bxc3 Nc6d8
20.Kh2 Nd8e6
21.Nh4xg6 hxg6
22.Qd1g4 c6
23.Bd5xe6 Qd7xe6
24.Qg4xe6 fxe6
25.Rf1b1 Kf7
26.h4 Rf8c8
27.Be3a7 Rb8xb1
28.Ra1xb1 Rc8a8
29.Rb1b7  { time }
1-0

[Event "Tourn. n9559"]
[Site "www.chess-mail.com"]
[Date "2017.12.10"]
[Round "1"]
[White "Norlavuaram"]
[Black "Tonino1"]
[WhiteElo "2130"]
[BlackElo "2170"]
[Result "0-1"]
[Round "1"]
1.e4 d6
2.g3 Ng8f6
3.Bf1g2 g6
4.Ng1e2 Bf8g7
5.O-O O-O
6.d4 c6
7.c4 Qd8c7
8.Nb1c3 e5
9.d5 c5
10.f4 Nb8d7
11.f5 h6
12.h3 g5
13.h4 g4
14.Bc1e3 h5
15.Qd1d2 Kh7
16.a3 Nf6g8
17.Nc3b5 Qc7b8
18.Be3g5 f6
19.Bg5e3 Bg7h6
20.b4 a6
21.Nb5c3 b5
22.cxb5 axb5
23.bxc5 Nd7xc5
24.Rf1b1 Bh6xe3
25.Qd2xe3 Bc8d7
26.Rb1b4 Nc5a4
27.Nc3xa4 Ra8xa4
28.Ra1b1 Qb8a8
29.Rb4xa4 Qa8xa4
30.Ne2c3 Qa4xa3
31.Kh2 b4
32.Nc3d1 Qa3xe3
33.Nd1xe3 Rf8b8
34.Ne3c4 Ng8e7
35.Nc4xd6 Bd7a4
36.Nd6c4 Ba4c2
37.Rb1b2 b3
38.Nc4a3 Bc2d3
39.Na3b1 Bd3xb1
40.Rb2xb1 Ne7c8
41.Rb1b2 Nc8d6
 { time }
0-1

[Event "Tourn. n9636"]
[Site "www.chess-mail.com"]
[Date "2017.12.10"]
[Round "1"]
[White "Apdash"]
[Black "Mitja"]
[WhiteElo "2230"]
[BlackElo "2040"]
[Result "1-0"]
[Round "1"]
1.e4 d5
2.exd5 Qd8xd5
3.d4 e6
4.Ng1f3 c6
5.c4 Qd5d8
6.Nb1c3 h6
7.Bf1d3 Ng8f6
8.a3 Bf8e7
9.O-O b6
10.Rf1e1 Bc8b7
11.Bc1f4 Nf6h5
12.Bf4d2 Nh5f6
13.Qd1e2 O-O
14.Nc3e4 Nf6xe4
15.Qe2xe4 g6
16.Bd2xh6 Rf8e8
17.Qe4g4 Be7f8
18.Bh6g5 Qd8d7
19.Nf3e5 Qd7c7
20.Re1e3 Bf8g7
21.Qg4h4 Nb8d7
22.Re3h3 Nd7xe5
23.dxe5 Qc7xe5
24.Qh4h7 Kf8
25.Rh3g3 Qe5xb2
26.Ra1e1 Qb2c3
27.Rg3e3 Qc3d4
28.Bd3xg6 c5
29.Re3d3 Qd4g4
30.Rd3g3 Qg4d4
31.Bg6h5 Ra8c8
32.Bg5h6 Bg7xh6
33.Qh7xf7 { resign }
1-0

[Event "Tourn. n9594"]
[Site "www.chess-mail.com"]
[Date "2017.12.10"]
[Round "1"]
[White "Norlavuaram"]
[Black "Griffo30"]
[WhiteElo "2120"]
[BlackElo "2140"]
[Result "0-1"]
[Round "1"]
1.e4 e6
2.d4 d5
3.Nb1d2 Ng8f6
4.e5 Nf6d7
5.Bf1d3 c5
6.c3 Nb8c6
7.Ng1e2 cxd4
8.cxd4 f6
9.exf6 Nd7xf6
10.O-O Bf8d6
11.f4 O-O
12.Nd2f3 Qd8b6
13.Kh1 Qb6c7
14.Bc1d2 Bc8d7
15.Ra1c1 Qc7b6
16.b3 Ra8c8
17.Bd3b1 Bd6a3
18.Rc1c2 Nf6e4
19.Bd2e1 Nc6b4
 { time }
0-1

[Event "Tourn. n9505"]
[Site "www.chess-mail.com"]
[Date "2017.12.10"]
[Round "1"]
[White "Odin"]
[Black "Esperanza"]
[WhiteElo "1790"]
[BlackElo "1880"]
[Result "0-1"]
[Round "1"]
1.d4 d5
2.c4 e6
3.Nb1c3 Bf8e7
4.Ng1f3 Ng8f6
5.Bc1f4 O-O
6.Nc3b5 Nb8a6
7.e3 c6
8.Nb5c3 dxc4
9.Bf1xc4 Na6c7
10.O-O Nc7d5
11.Nc3xd5 exd5
12.Bc4b3 Bc8f5
13.h3 h6
14.Bb3c2 Bf5xc2
15.Qd1xc2 Nf6e4
16.Ra1d1 Be7d6
17.Nf3e5 Qd8c7
18.f3 Ne4f6
19.Rd1c1 Rf8e8
20.Qc2c3 Nf6d7
21.Ne5d3 Bd6xf4
22.Nd3xf4 Nd7f6
23.b4 Qc7e7
24.Rf1e1 Qe7d6
25.a4 a6
26.b5 axb5
27.axb5 Ra8a3
28.Qc3c5 Qd6xc5
29.Rc1xc5 g5
30.Nf4e2 Ra3xe3
31.Kf2 Re3e6
32.bxc6 bxc6
33.g3 Nf6d7
34.Rc5c2 Nd7b6
35.h4 Nb6c4
36.hxg5 hxg5
37.Rc2c1 Kg7
38.g4 Nc4b2
39.Rc1c3 Re6xe2
40.Re1xe2 Nb2d1
41.Ke1 Re8xe2
42.Kxd1 Re2e6
43.Kd2 Kg6
44.Kd3 f5
45.Kd2 fxg4
46.fxg4 Kf7
47.Kd3 Ke7
48.Rc3a3 Re6e4
49.Ra3a7 Kd6
50.Ra7g7 Re4xg4
51.Rg7g6 Kc7
52.Kc3 Kb6
53.Rg6g8 Rg4g3
54.Kb4 Rg3d3
55.Rg8xg5 Rd3xd4
56.Kc3 Rd4h4
57.Rg5f5 Kc5
58.Rf5f3 d4
59.Kb3 Kb5
60.Rf3f5 c5
61.Rf5g5 Rh4h3
62.Kc2 Kb4
63.Rg5g2 c4
64.Kb2 c3
65.Ka2 Rh3h8
66.Rg2g4 Rh8h2
67.Ka1 Kb3
68.Rg4g1 Rh2a2
{ resign }
0-1

[Event "Tourn. n9568"]
[Site "www.chess-mail.com"]
[Date "2017.12.10"]
[Round "1"]
[White "Fantomas"]
[Black "Norlavuaram"]
[WhiteElo "2220"]
[BlackElo "2140"]
[Result "1-0"]
[Round "1"]
1.e4 e5
2.Ng1f3 Qd8e7
3.Bf1c4 h6
4.O-O Ng8f6
5.Nb1c3 c6
6.Rf1e1 g6
7.d4 d6
8.Qd1e2 Bf8g7
9.dxe5 dxe5
10.h3 O-O
11.a3 Nb8d7
12.Nf3h4 Kh7
13.Nh4f3 Nd7b6
14.Bc4d3 Nb6d7
15.b4 Rf8d8
16.Bc1e3 b6
17.Nc3a4 Bc8b7
18.Nf3d2 c5
19.bxc5 Nd7xc5
20.Na4xc5 bxc5
21.f3 Ra8c8
22.Nd2b3 Bg7f8
23.Nb3a5 Bb7a8
24.Bd3c4 Qe7c7
25.Na5b3 Nf6e8
26.Bc4a6 Ba8b7
27.Ba6xb7 Qc7xb7
28.Nb3a5 Qb7c7
29.Na5c4 Rc8b8
30.Ra1b1 Rb8xb1
31.Re1xb1 f6
32.g4 Ne8d6
33.Nc4xd6 Qc7xd6
34.Kf2  { time }
1-0

[Event "Tourn. n9581"]
[Site "www.chess-mail.com"]
[Date "2017.12.10"]
[Round "1"]
[White "Luban"]
[Black "Norlavuaram"]
[WhiteElo "2070"]
[BlackElo "2160"]
[Result "1-0"]
[Round "1"]
1.d4 Ng8f6
2.c4 c5
3.e3 cxd4
4.exd4 d5
5.h3 Nb8c6
6.Ng1f3 e6
7.a3 Bf8e7
8.Nb1c3 O-O
9.Bc1e3 Bc8d7
10.Bf1d3 Ra8c8
11.Qd1e2 dxc4
12.Bd3xc4 a6
13.O-O b5
14.Bc4a2 Nc6a5
15.Ra1c1 Na5c4
16.Ba2xc4 Rc8xc4
17.Nc3a2 Rc4xc1
18.Rf1xc1 Qd8b8
19.Nf3e5 Bd7e8
20.Qe2c2 Nf6d5
21.Ne5c6 Qb8b7
22.Nc6xe7 Qb7xe7
23.Qc2c8 Nd5xe3
24.fxe3 Qe7g5
25.Rc1c3 Qg5h4
26.Qc8xa6 Qh4e4
27.Na2b4 Qe4b1
28.Kh2 Qb1xb2
29.Rc3c2  { time }
1-0

[Event "Tourn. n9566"]
[Site "www.chess-mail.com"]
[Date "2017.12.10"]
[Round "1"]
[White "Norlavuaram"]
[Black "Apdash"]
[WhiteElo "2140"]
[BlackElo "2180"]
[Result "0-1"]
[Round "1"]
1.e4 c5
2.Ng1f3 Nb8c6
3.d3 e5
4.c3 d5
5.Nb1d2 Bc8e6
6.Qd1c2 Bf8e7
7.g3 h6
8.Bf1g2 Ng8f6
9.O-O O-O
10.Rf1d1 d4
11.c4 Nf6g4
12.h3 Ng4f6
13.Nd2f1 Qd8d7
14.Kh2 Nf6h7
15.g4 Ra8b8
16.Nf1g3 b5
17.b3 bxc4
18.bxc4 Rb8b6
19.Ra1b1 Nc6b4
20.Qc2d2 Nb4c6
21.Rb1xb6 axb6
22.Qd2b2 Rf8b8
23.Qb2e2 b5
24.cxb5 Rb8xb5
25.Ng3f5 Be6xf5
26.gxf5 Qd7d8
27.Qe2c2 Qd8b8
28.Bc1a3 Qb8a7
29.Ba3c1 Nh7g5
30.Nf3xg5 hxg5
31.Bc1d2 Qa7a3
32.Rd1b1 Rb5xb1
33.Qc2xb1 Qa3a6
34.Qb1b3 Nc6b4
35.Bd2xb4 cxb4
 { time }
0-1

[Event "Tourn. n9564"]
[Site "www.chess-mail.com"]
[Date "2017.12.10"]
[Round "1"]
[White "Norlavuaram"]
[Black "Bojan"]
[WhiteElo "2130"]
[BlackElo "2070"]
[Result "0-1"]
[Round "1"]
1.e4 e5
2.Qd1e2 Nb8c6
3.c3 Bf8c5
4.Ng1f3 Qd8f6
5.g3 Ng8e7
6.Bf1g2 d6
7.h3 Bc8e6
8.O-O h6
9.Rf1d1 g5
10.d3 d5
11.Nb1d2 d4
12.c4 Qf6g7
13.Nd2f1 g4
14.hxg4 Be6xg4
15.Nf1h2 Bg4d7
16.a3 Bc5d6
17.b4 b6
18.Bc1d2 Nc6d8
19.Ra1c1 c6
20.Nf3h4 f5
21.Qe2h5 Qg7f7
22.Qh5xf7 Nd8xf7
23.Nh4xf5 Ne7xf5
24.exf5 Bd7xf5
25.Bg2f1 O-O-O
26.Nh2f3 Kd7
27.Nf3h4 Bf5g4
28.f3 Bg4e6
29.c5 Bd6c7
30.cxb6 axb6
31.Bf1g2 Be6d5
32.Bg2h3 Kd6
33.Nh4f5 Kd7
34.Nf5xd4 Ke8
 { time }
0-1

[Event "Match"]
[Site "www.echecsemail.com"]
[Date "2017.12.10"]
[Round "1"]
[White "Juodivarnai"]
[Black "Irene"]
[WhiteElo "2010"]
[BlackElo "2080"]
[Result "1-0"]
[Round "1"]
1.e4 e5
2.Ng1f3 Nb8c6
3.Bf1b5 a6
4.Bb5a4 Ng8f6
5.O-O Nf6xe4
6.d4 Nc6xd4
7.Nf3xd4 exd4
8.Rf1e1 Qd8e7
9.f3 Qe7b4
10.Re1xe4 Bf8e7
11.Ba4b3 O-O
12.Bc1d2 Qb4c5
13.Kh1 d5
14.Re4e5 Bc8e6
15.a3 b5
16.Bd2b4 Qc5c6
17.Bb4xe7 Rf8e8
18.Be7b4 Re8d8
19.Bb4e1 Qc6b7
20.Nb1d2 c5
21.Nd2f1 Qb7c7
22.Be1g3 Qc7a5
23.Qd1e1 Qa5b6
24.Qe1d2 f6
25.Re5e1 Be6f5
26.Re1e7 Bf5e6
27.Ra1e1 Be6f7
28.Bg3c7 Qb6c6
29.Bc7xd8 Ra8xd8
30.Nf1g3 Rd8d6
31.Ng3f5 Rd6d7
32.Qd2f4 Rd7xe7
33.Nf5xe7 { resign }
1-0

[Event "Match"]
[Site "www.echecsemail.com"]
[Date "2017.12.10"]
[Round "1"]
[White "Tonino1"]
[Black "Micheles"]
[WhiteElo "2210"]
[BlackElo "2510"]
[Result "0-1"]
[Round "1"]
1.d4 Ng8f6
2.f4 d5
3.e3 Bc8f5
4.Bf1d3 e6
5.Ng1f3 c5
6.c3 Bf8d6
7.O-O O-O
8.Qd1e2 Nb8c6
9.Nb1d2 Bf5xd3
10.Qe2xd3 cxd4
11.cxd4 Nc6b4
12.Qd3b1 Ra8c8
13.Nf3e1 Nb4c6
14.Ne1d3 Qd8b6
15.a3 Nf6g4
16.Nd2f3 Nc6a5
17.h3 Ng4f6
18.b4 Na5c4
19.Nd3c5 Qb6c7
20.Nf3e5 b6
21.Nc5a6 Qc7b7
22.Ne5xc4 Rc8xc4
23.b5 Rf8c8
24.Qb1d3 Rc4c3
25.Qd3e2 Nf6e4
26.Rf1d1 Rc3c2
27.Qe2e1 Rc2f2
28.Na6b4 Bd6xb4
29.axb4 Rc8c2
 { time }
0-1

[Event "Tourn. n9606"]
[Site "www.chess-mail.com"]
[Date "2017.12.11"]
[Round "1"]
[White "Claymil"]
[Black "Sorim"]
[WhiteElo "2080"]
[BlackElo "2070"]
[Result "1-0"]
[Round "1"]
1.c4 e5
2.Nb1c3 Nb8c6
3.g3 f5
4.Bf1g2 Ng8f6
5.e3 d6
6.Ng1e2 Bf8e7
7.O-O O-O
8.d4 e4
9.a3 a5
10.b3 b6
11.Bc1b2 Bc8a6
12.f3 Ra8c8
13.fxe4 fxe4
14.Nc3xe4 Nf6g4
15.Qd1d2 a4
16.Ne4f2 Ng4xf2
{ time. }
1-0

[Event "Tourn. n9605"]
[Site "www.chess-mail.com"]
[Date "2017.12.11"]
[Round "1"]
[White "Norlavuaram"]
[Black "Sorim"]
[WhiteElo "2130"]
[BlackElo "2070"]
[Result "0-1"]
[Round "1"]
1.e4 d5
2.exd5 Qd8xd5
3.Nb1c3 Qd5d8
4.Bf1c4 Ng8f6
5.Ng1f3 Bc8g4
6.O-O e6
7.h3 Bg4h5
8.d3 Bf8b4
9.Bc1d2 Nb8d7
10.a3 Bb4a5
11.b4 Ba5b6
 { time }
0-1

[Event "Tourn. n9605"]
[Site "www.chess-mail.com"]
[Date "2017.12.11"]
[Round "1"]
[White "Norlavuaram"]
[Black "Hundegana"]
[WhiteElo "2150"]
[BlackElo "2060"]
[Result "0-1"]
[Round "1"]
1.e4 c5
2.Ng1f3 e6
3.g3 Ng8f6
4.Bf1g2 Nf6xe4
5.O-O d5
6.d4 c4
7.c3 Bf8e7
8.Nb1d2 Ne4xd2
9.Bc1xd2 Nb8c6
10.Qd1c2 Qd8c7
11.Bd2f4 Be7d6
12.Bf4xd6 Qc7xd6
13.Ra1e1 Bc8d7
14.Nf3e5 Nc6xe5
 { time }
0-1

[Event "Tourn. n9462"]
[Site "www.chess-mail.com"]
[Date "2017.12.11"]
[Round "1"]
[White "Goofy"]
[Black "Hundegana"]
[WhiteElo "2290"]
[BlackElo "1990"]
[Result "1-0"]
[Round "1"]
1.e4 c5
2.Ng1f3 Nb8c6
3.Nb1c3 Qd8c7
4.d4 cxd4
5.Nf3xd4 a6
6.Bc1e3 e5
7.Nd4b3 d6
8.Bf1e2 Ng8f6
9.O-O Bf8e7
10.Kh1 O-O
11.f4 exf4
12.Rf1xf4 Nc6e5
13.Nc3d5 Nf6xd5
14.exd5 Bc8d7
15.Rf4f2 Ra8c8
16.c3 Ne5c4
17.Be3c1 Qc7b6
18.Rf2f3 Nc4e5
19.Rf3f1 Bd7b5
20.Bc1f4 Bb5xe2
21.Qd1xe2 Be7f6
22.Bf4e3 Qb6b5
23.Qe2xb5 axb5
24.Be3d4 h5
25.Rf1f5 h4
26.a3 Ne5g4
27.Rf5f4 Ng4h6
28.Bd4xf6 gxf6
29.Rf4xf6 Kg7
30.Rf6xd6 Rc8d8
31.Rd6xd8 Rf8xd8
32.Ra1d1 Kg6
33.d6 Nh6f5
34.d7 Kf6
35.Nb3c5 Ke7
36.Rd1e1 Kf8
37.Re1f1 Nf5d6
38.Nc5e6 Ke7
39.Ne6xd8 Kxd8
40.Rf1f4 Kxd7
41.Rf4xh4 Nd6c4
42.a4 Nc4xb2
43.Rh4b4 Nb2xa4
44.Rb4xb5 Na4xc3
45.Rb5xb7 Ke6
46.h4 Nc3e2
47.Kh2 Kf6
48.g4 Ne2f4
49.h5 Kg5
50.Rb7xf7 Nf4e6
51.Kg3 Ne6d8
52.Rf7f5 Kh6
53.Rf5f6 Kg7
54.g5 Kg8
55.Kg4 Kg7
56.h6 Kh7
57.Kh5 Kg8
58.g6 Nd8b7
59.h7 Kh8
60.Kh6 Nb7d6
61.g7 { resign }
1-0

[Event "Tourn. n9599"]
[Site "www.chess-mail.com"]
[Date "2017.12.11"]
[Round "1"]
[White "Falcoale"]
[Black "Norlavuaram"]
[WhiteElo "2000"]
[BlackElo "2140"]
[Result "1-0"]
[Round "1"]
1.e4 e5
2.Ng1f3 Nb8c6
3.Bf1c4 Bf8e7
4.O-O Ng8f6
5.Rf1e1 d6
6.a3 O-O
7.b4 Bc8g4
8.h3 Bg4h5
9.d3 Nc6d4
10.Re1e3 Nd4xf3
11.gxf3 Qd8d7
12.Qd1f1 d5
13.Bc4xd5  { time }
1-0

[Event "Tourn. n9575"]
[Site "www.chess-mail.com"]
[Date "2017.12.11"]
[Round "1"]
[White "Fantomas"]
[Black "Falcoale"]
[WhiteElo "2190"]
[BlackElo "2030"]
[Result "1-0"]
[Round "1"]
1.f4 c5
2.e4 e6
3.Ng1f3 Nb8c6
4.Bf1e2 Ng8f6
5.d3 d6
6.Nb1c3 a6
7.Bc1d2 b5
8.a3 Bc8b7
9.O-O Bf8e7
10.Nf3g5 Nc6d4
11.e5 Nd4xe2
12.Qd1xe2 h6
13.exf6 Be7xf6
14.Ng5e4 Bf6e7
15.Ra1e1 Qd8c7
16.Qe2f2 d5
17.Ne4g3 O-O
18.Nc3d1 Ra8c8
19.c3 d4
20.Ng3e4 Qc7d8
21.Qf2g3 Be7h4
22.Qg3h3 Bh4xe1
23.Rf1xe1 Qd8b6
24.Kh1 Rc8d8
25.Qh3g3 Bb7xe4
26.Re1xe4 f5
27.Re4e1 Rd8e8
28.Nd1f2 Qb6b8
29.Re1e5 Qb8c8
30.Qg3h3 Rf8f6
31.Qh3f3 Re8d8
32.h3 Rf6g6
33.h4 Rd8e8
34.h5 Rg6f6
35.g4 Qc8a8
36.Qf3xa8 Re8xa8
37.Re5xc5 dxc3
38.bxc3 Rf6f7
39.Rc5c6 Rf7e7
40.Kg2 a5
41.Kf3 Ra8b8
42.d4 Kf7
43.Rc6a6 a4
44.Nf2d3 Kf6
45.Nd3e5 Re7c7
46.d5 Rb8e8
47.d6 Rc7b7
48.d7 Re8d8
49.Ra6d6 Rb7c7
50.Rd6d3 Rc7c5
51.Bd2e3 Rc5xe5
52.fxe5 Ke7
53.Be3c5 Kf7
54.Bc5b6 fxg4
55.Kxg4 Ke7
56.Bb6xd8 Kxd8
57.Rd3d6 { resign }
1-0